000 00525nam a2200205 a 4500
003 SISC
005 20160301130432.0
008 100114s19uu xx 00 eng d
020 _a9812658955
020 _a9789812658951
050 _aQA 36.5
_b.B916m4 2006
082 _aHS 510
_bB84-m4 2006
100 _aBrydon, Carol
245 _aNelson mathematics 4 /
_cCarol Brydon.
260 _aSingapore :
_bThomson,
_cc2006.
300 _a429 p. :
_bill. ;
650 _aMathematics.
942 _cBK
_2lcc
999 _c12800
_d12800